ការប្រើប្រាស់ជីគីមីលើដំណាំស្រូវនៅរដូវប្រាំង (fertilizer use on dry season rice) (Record no. 282)
[ view plain ]
| 000 -LEADER | |
|---|---|
| fixed length control field | 00543nam a22001577a 4500 |
| 003 - CONTROL NUMBER IDENTIFIER | |
| control field | OSt |
| 005 - DATE AND TIME OF LATEST TRANSACTION | |
| control field | 20150912112000.0 |
| 008 - FIXED-LENGTH DATA ELEMENTS--GENERAL INFORMATION | |
| fixed length control field | 150912b xxu||||| |||| 00| 0 eng d |
| 040 ## - CATALOGING SOURCE | |
| Transcribing agency | RUA |
| 082 ## - DEWEY DECIMAL CLASSIFICATION NUMBER | |
| Classification number | AGR ស៊ូ 1995 B015 Or.1 |
| 100 ## - MAIN ENTRY--PERSONAL NAME | |
| 9 (RLIN) | 305 |
| Personal name | ស៊ូ រដ្ឋា |
| 245 ## - TITLE STATEMENT | |
| Title | ការប្រើប្រាស់ជីគីមីលើដំណាំស្រូវនៅរដូវប្រាំង (fertilizer use on dry season rice) |
| 260 ## - PUBLICATION, DISTRIBUTION, ETC. (IMPRINT) | |
| Place of publication, distribution, etc. | Phnom Penh |
| Name of publisher, distributor, etc. | RUA |
| Date of publication, distribution, etc. | 1995 |
| 300 ## - PHYSICAL DESCRIPTION | |
| Extent | 68p. |
| Other physical details | ill. |
| Dimensions | 29cm. |
| 942 ## - ADDED ENTRY ELEMENTS (KOHA) | |
| Source of classification or shelving scheme | |
| Koha item type | AGR |
| Price effective from | Date last seen | Permanent Location | Not for loan | Date acquired | Source of classification or shelving scheme | Koha item type | Lost status | Withdrawn status | Date last checked out | Total Checkouts | Shelving location | Damaged status | Barcode | Current Location | Full call number |
|---|---|---|---|---|---|---|---|---|---|---|---|---|---|---|---|
| 2015-09-12 | 2019-10-25 | Library Block B | 2015-09-12 | AGR | 2019-10-18 | 1 | B015 | RUA003838 | Library Block B | AGR ស៊ូ 1995 B015 Or.1 | |||||
| 2015-09-12 | 2022-02-22 | Library Block B | 2015-09-12 | AGR | 2022-02-08 | 3 | B015 | RUA003911 | Library Block B | AGR ស៊ូ 1995 B015 Or.2 | |||||
| 2015-09-12 | 2018-09-04 | Library Block B | 2015-09-12 | AGR | 2018-08-29 | 2 | B015 | RUA003984 | Library Block B | AGR ស៊ូ 1995 B015 Or.3 | |||||
| 2015-09-12 | 2023-11-03 | Library Block B | 2015-09-12 | AGR | 2023-10-18 | 3 | B015 | RUA007363 | Library Block B | AGR ស៊ូ 1995 B015 Or.4 | |||||
| 2015-09-12 | 2015-09-12 | Library Block B | 2015-09-12 | AGR | B015 | RUA003762 | Library Block B | AGR ស៊ូ 1995 B015 Or.5 |